[Event "Condigne Dutch Open 2018"]
[Site "Dieren"]
[Date "2018.07.25"]
[Round "2"]
[White "Bosboom, Manuel"]
[Black "Van Meegen, Ruud"]
[Result "1-0"]
[WhiteElo "2403"]
[BlackElo "2222"]
[Annotator "NA"]
[PlyCount "113"]
[EventDate "2018.07.24"]
[EventType "swiss"]
[EventCountry "NED"]
[SourceTitle "playchess.com"]
[Source "ChessBase"]
[SourceQuality "1"]
[TimeControl "40/5400+30:1800+30"]

1. Nf3 {[%emt 0:00:00]} Nf6 {[%emt 0:00:00]} 2. g3 {[%emt 0:00:00]} d5 {[%emt 0:01:24]} 3. Bg2 {[%emt 0:00:20]} c5 {[%emt 0:00:20]} 4. O-O {[%emt 0:01:41]} g6 {[%emt 0:01:14]} 5. d3 {[%emt 0:03:38]} Bg7 {[%emt 0:00:17]} 6. Nbd2 {[%emt 0:02:31]} O-O {[%emt 0:00:30]} 7. e4 {[%emt 0:00:12]} Nc6 {[%emt 0:00:38]} 8. Re1 {[%emt 0:03:08]} b6 {[%emt 0:12:05]} 9. c3 {[%emt 0:05:49]} dxe4 {[%emt 0:15:01]} 10. dxe4 {[%emt 0:02:27]} Ng4 {[%emt 0:01:25]} 11. e5 {[%emt 0:19:03]} Rb8 {[%emt 0:05:15]} 12. e6 {[%emt 0:01:47]} Bxe6 {[%emt 0:18:07]} 13. Ng5 {[%emt 0:08:13]} Nce5 {[%emt 0:10:06]} 14. Nxe6 {[%emt 0:09:06]} fxe6 {[%emt 0:00:07]} 15. f4 {[%emt 0:01:14]} Nd3 {[%emt 0:01:29]} 16. Qxg4 {[%emt 0:02:11]} Nxc1 {[%emt 0:00:49]} 17. Qxe6+ {[%emt 0:01:57]} Kh8 {[%emt 0:00:10]} 18. Nf3 {[%emt 0:09:29]} Nd3 {[%emt 0:00:08]} 19. Red1 {[%emt 0:04:32]} c4 {[%emt 0:02:43]} 20. Bf1 {[%emt 0:02:50]} b5 {[%emt 0:01:28]} 21. Bxd3 {[%emt 0:01:48]} cxd3 {[%emt 0:00:42]} 22. Ng5 {[%emt 0:03:24]} b4 {[%emt 0:06:08]} 23. Qe3 {[%emt 0:07:09]} bxc3 {[%emt 0:05:01]} 24. bxc3 {[%emt 0:00:04]} Qb6 {[%emt 0:04:57]} 25. Qxb6 {[%emt 0:01:42]} Rxb6 {[%emt 0:00:05]} 26. Rxd3 {[%emt 0:00:02]} Rc8 {[%emt 0:00:44]} 27. Re1 {[%emt 0:02:41]} Bf6 {[%emt 0:00:49]} 28. Ne4 {[%emt 0:00:12]} Rbc6 {[%emt 0:08:34]} 29. Ree3 {[%emt 0:03:35]} Kg7 {[%emt 0:00:22]} 30. Kg2 {[%emt 0:00:46]} Ra6 {[%emt 0:00:33]} 31. Re2 {[%emt 0:00:31]} Rc7 {[%emt 0:00:28]} 32. g4 {[%emt 0:01:46]} Kf7 {[%emt 0:00:10]} 33. Rh3 {[%emt 0:00:11]} Kg8 {[%emt 0:00:24]} 34. Rd2 {[%emt 0:00:24]} Ra4 {[%emt 0:00:56]} 35. Re3 {[%emt 0:01:34]} Kf7 {[%emt 0:00:13]} 36. Kf3 {[%emt 0:00:13]} Rac4 {[%emt 0:00:42]} 37. Rc2 {[%emt 0:00:49]} R7c6 {[%emt 0:00:19]} 38. Rd3 {[%emt 0:00:39]} Re6 {[%emt 0:00:48]} 39. Re2 {[%emt 0:00:50]} Rec6 {[%emt 0:00:15]} 40. Rd7 {[%emt 0:00:34]} Ra4 {[%emt 0:03:32]} 41. g5 {[%emt 0:03:51]} Bg7 {[%emt 0:02:22]} 42. Nd6+ {[%emt 0:08:30]} Rxd6 {[%emt 0:00:38]} 43. Rexe7+ {[%emt 0:00:56]} Kf8 {[%emt 0:00:16]} 44. Rf7+ {[%emt 0:00:03]} Ke8 {[%emt 0:00:26]} 45. Rde7+ {[%emt 0:00:04]} Kd8 {[%emt 0:00:10]} 46. Rxg7 {[%emt 0:00:10]} Rd3+ {[%emt 0:04:17]} 47. Re3 {[%emt 0:03:21]} Rd7 {[%emt 0:01:32]} 48. Rxd7+ {[%emt 0:01:28]} Kxd7 {[%emt 0:00:05]} 49. Kg4 {[%emt 0:00:10]} Rxa2 {[%emt 0:00:20]} 50. Rh3 {[%emt 0:00:02]} Ke6 {[%emt 0:07:45]} 51. Rxh7 {[%emt 0:00:04]} a5 {[%emt 0:00:22]} 52. Rg7 {[%emt 0:00:32]} Rg2+ {[%emt 0:00:59]} 53. Kf3 {[%emt 0:00:19]} Rxh2 {[%emt 0:00:14]} 54. Rxg6+ {[%emt 0:01:10]} Kf7 {[%emt 0:00:19]} 55. Ra6 {[%emt 0:01:00]} Rh3+ {[%emt 0:00:09]} 56. Kg4 {[%emt 0:00:12]} Rxc3 {[%emt 0:00:05]} 57. Rxa5 {[%emt 0:17:36]} 1-0

[Event "Condigne Dutch Open 2018"]
[Site "Dieren"]
[Date "2018.07.25"]
[Round "2"]
[White "Zwirs, Nico"]
[Black "Ivanisevic, Ivan"]
[Result "1/2-1/2"]
[WhiteElo "2386"]
[BlackElo "2567"]
[Annotator "TA"]
[PlyCount "140"]
[EventDate "2018.07.24"]
[EventType "swiss"]
[EventCountry "NED"]
[SourceTitle "playchess.com"]
[Source "ChessBase"]
[SourceQuality "1"]

{[%evp 21,139,40,42,20,31,15,22,20,11,14,16,22,22,14,5,-8,1,-10,-8,-32,-32,-51,-51,-50,-45,-52,-37,-79,-60,-70,-62,-64,-46,-64,-60,-67,-67,-65,-61,-80,-75,-80,-89,-83,-83,-83,-83,-107,-100,-97,-94,-110,-112,-175,-171,-163,-168,-162,-164,-235,-218,-331,-216,-287,-196,-248,0,-310,-99,-99,-80,-80,-80,-80,-80,-80,-80,-80,-80,-99,-100,-100,-100,-137,-144,-160,-182,-119,0,0,8,8,8,8,8,-8,-8,-8,-43,-62,-68,-83,-8,-8,-8,-8,-8,-8,-8,-8,-115,-152,-151,-152,-159,-159,-159,-159,-159,-169]} 1. e4 {[%cal Be2e4,Be4e5][%mdl 32]} e5 2. Nf3 Nc6 3. d4 exd4 4. Nxd4 Nf6 {[%cal Bg8f6,Bf6d5,Bd5e7,Be7g6][%mdl 32]} 5. Nxc6 bxc6 6. e5 Nd5 7. c4 Ne7 {C45: Schottische Partie} 8. Bd3 Ng6 9. O-O d6 (9... Bc5 10. Qh5 O-O 11. Nd2 d6 12. Ne4 {1-0 (12) Hracek,Z (2589)-Pechac,J (2440) Batumi 2018}) 10. exd6 Bxd6 11. Re1+ Be6 {LiveBook: 9 Partien} 12. Nc3 O-O 13. Ne4 Bb4 14. Bd2 Qxd3 $146 ({Vorgänger:} 14... Bxd2 15. Qxd2 Ne5 16. Bf1 Nxc4 17. Qc3 {½-½ (17) Vorobiov,E (2320)-Zaitsev,I (2460) Moscow 1996}) 15. Bxb4 Qxd1 $1 16. Raxd1 Rfb8 17. Bc3 Bxc4 18. Ng3 Rd8 19. Rxd8+ Rxd8 20. Nf5 f6 21. h4 Rd7 22. g3 Kf7 23. f4 h5 24. a3 c5 25. Kf2 Nf8 26. Ne3 Bb3 27. f5 c6 28. Rc1 Rd6 29. g4 hxg4 30. Nxg4 Nd7 31. h5 Rd1 32. Rxd1 Bxd1 $17 {[%mdl 4096] Endspiel KLS-KLS} 33. Kg3 Bc2 34. Kf4 Nb6 35. Ne3 Bd3 36. b3 Be2 37. a4 (37. b4 $17) 37... Bxh5 $19 38. a5 Nd7 $1 39. Nc4 Ke7 40. Ne3 (40. Be1 $142) 40... Bf7 41. Nc4 (41. b4 $142) 41... Bd5 42. Bb2 Nb8 43. Bc1 (43. Ba3 {ist eine bessere Verteidigung.} Na6 44. Nd2) 43... Nd7 $2 (43... Bxc4 $1 $19 44. bxc4 Kd6) 44. Be3 $2 {[%mdl 8192]} (44. Bb2 $1 $11) 44... Kd8 $2 (44... Bxc4 $1 $19 {und Schwarz behält klar die Oberhand.} 45. bxc4 a6) 45. Nd6 $17 Kc7 46. Ne8+ Kb7 $1 47. Nxg7 Ka6 48. Bd2 Bxb3 49. Ne8 Kb5 $1 50. Nd6+ Ka4 51. Bc3 Bd5 52. Ne8 Kb3 53. Ba1 c4 54. Nxf6 c3 ({Lieber} 54... Nxf6 $17 55. Bxf6 c3) 55. Bxc3 $1 $11 Kxc3 56. Nxd7 {KL-KS} Kd4 57. f6 c5 {Droht ...c4 und aus.} 58. Nxc5 (58. Ne5 {feels hotter.} a6 59. f7 Bxf7 60. Nxf7 c4 61. Kf3) 58... Kxc5 {KL-KBB} 59. Ke3 $1 Kc4 60. Kd2 Kb3 61. Kc1 {[#]} Ka2 ({Günstiger ist} 61... Bf7 $1 $17) 62. a6 Bf7 {zielt auf ...Lg8 ab.} 63. Kc2 Bg6+ 64. Kc3 Ka3 65. Kc4 Ka4 66. Kc3 {[#]} Bf7 $1 {Schwarz steht deutlich besser.} 67. Kb2 Kb4 68. Ka1 Kb3 69. Kb1 Kc3 70. Ka1 Kc2 $2 {Precision: Weiß = 50%, Schwarz = 71%.} (70... Kb4) 1/2-1/2

[Event "Condigne Dutch Open 2018"]
[Site "Dieren"]
[Date "2018.07.25"]
[Round "2"]
[White "Shyaamnikhil P"]
[Black "Ikonnikov, Vyacheslav"]
[Result "1-0"]
[WhiteElo "2375"]
[BlackElo "2536"]
[Annotator "ChessBase"]
[PlyCount "21"]
[EventDate "2018.07.24"]
[EventType "swiss"]
[EventCountry "NED"]
[SourceTitle "playchess.com"]
[Source "ChessBase"]
[SourceQuality "1"]
[TimeControl "40/5400+30:1800+30"]

1. Nf3 Nf6 2. g3 b6 3. Bg2 Bb7 4. O-O c5 5. c4 g6 6. Nc3 Bg7 7. d3 O-O 8. Bd2 Nc6 9. Ne5 {[%emt 0:04:00]} Na5 {[%emt 0:04:30]} 10. Bxb7 {[%emt 0:00:30]} Nxb7 {[%emt 0:00:30]} 11. Nf3 {[%emt 0:00:30]} 1-0

[Event "Condigne Dutch Open 2018"]
[Site "Dieren"]
[Date "2018.07.25"]
[Round "2"]
[White "Buckels, Valentin"]
[Black "Lobanov, Sergei"]
[Result "1/2-1/2"]
[WhiteElo "2353"]
[BlackElo "2521"]
[Annotator "TA"]
[PlyCount "87"]
[EventDate "2018.07.24"]
[EventType "swiss"]
[EventCountry "NED"]
[SourceTitle "playchess.com"]
[Source "ChessBase"]
[SourceQuality "1"]

{[%evp 19,87,0,81,4,42,14,18,-9,-4,-10,-10,-10,-10,-10,-17,-29,-17,-19,-8,-8,-12,-34,-31,-40,-18,-53,-46,-48,-38,-43,-43,-40,-43,-50,-51,-39,-8,-46,-36,-43,-39,-43,-29,-49,-33,-41,-37,-49,-15,-15,-15,-15,-15,-15,-15,-15,-15,-15,-8,-8,0,0,0,0,0,0,0,0,0,0]} 1. d4 Nf6 2. c4 e6 3. g3 d5 4. Nf3 dxc4 5. Bg2 c5 6. O-O Nc6 7. dxc5 Qxd1 8. Rxd1 Bxc5 9. Nbd2 c3 10. bxc3 e5 {LiveBook: 5 Games. E04: Open Catalan: 5 Nf3} (10... O-O $11) (10... O-O 11. Ne1 Be7 12. Nd3 Bd7 13. Nb3 b6 14. c4 Rfd8 15. Bb2 Rac8 16. Rac1 Nb4 17. Nxb4 Bxb4 18. Bb7 {1-0 (38) Le,Q (2737)-Harikrishna,P (2744) Huaian 2017}) 11. Nb3 ({White should play} 11. Nc4 $16) 11... Bb6 12. Nfd2 Be6 $1 13. Ba3 O-O-O 14. Nc5 Bxc5 15. Bxc5 Kc7 {[#]} 16. a4 $146 ({Predecessor:} 16. Nb3 b6 17. Ba3 a5 18. Kf1 {½-½ (31) Tazbir,M (2561)-Abdyjapar,A (2400) Kazan 2013}) 16... b6 17. Ba3 Rd7 {[#] And now ...Rhd8 would win.} 18. Ne4 Rhd8 19. Rxd7+ Rxd7 20. Ng5 Bc4 21. Bf8 Ne8 22. Bh3 Rd8 23. Nxh7 Nf6 24. Nxf6 Rxf8 25. Ng4 Bxe2 26. Re1 Bxg4 27. Bxg4 $15 {[%mdl 4096] Endgame KRB-KRN} f5 28. Bh5 Kd6 29. Rd1+ Ke6 30. Be2 Rd8 31. Bc4+ Kf6 32. Rxd8 Nxd8 {KB-KN} 33. h4 e4 34. f3 {The position is equal.} Nb7 35. Kf2 Nc5 36. Bb5 $1 exf3 37. Kxf3 Ne4 38. c4 Ke5 39. g4 f4 40. g5 Nd2+ 41. Ke2 Ne4 42. Kf3 Nd2+ 43. Ke2 Ne4 44. Kf3 {Precision: White = 59%, Black = 71%.} 1/2-1/2

[Event "Condigne Dutch Open 2018"]
[Site "Dieren"]
[Date "2018.07.25"]
[Round "2"]
[White "Wiersma, Eelke"]
[Black "Hausrath, Daniel"]
[Result "1/2-1/2"]
[WhiteElo "2346"]
[BlackElo "2495"]
[Annotator "TA"]
[PlyCount "40"]
[EventDate "2018.07.24"]
[EventType "swiss"]
[EventCountry "NED"]
[SourceTitle "playchess.com"]
[Source "ChessBase"]
[SourceQuality "1"]

{[%evp 16,40,29,0,24,20,31,14,19,14,18,13,22,15,101,111,122,125,156,152,144,53,52,53,52,45,32]} 1. e4 c5 2. Nf3 Nc6 3. Bb5 g6 4. Bxc6 bxc6 5. O-O Bg7 6. Re1 Nf6 {[%cal Bg8f6,Bf6d5,Bd5c7,Bc7e6][%mdl 32]} 7. e5 Nd5 8. c4 {B31: Sicilian: 2...Nc6 3 Bb5 g6} Nc7 9. b3 {LiveBook: 7 Games} d5 10. Ba3 $146 {White has an edge.} ({Predecessor:} 10. cxd5 Nxd5 11. d4 Bg4 12. dxc5 Nb4 13. Qe2 Qd3 14. Ba3 Bxf3 15. gxf3 Qxe2 16. Rxe2 {0-1 (54) Ziska,H (2546)-Wang,Y (2737) Baku 2016}) 10... Ne6 11. cxd5 cxd5 12. d4 cxd4 13. Nxd4 Qb6 14. Nxe6 fxe6 {[#]} (14... Bxe6 $11 15. Nc3 Qb7) 15. Nd2 $1 $16 Rf8 {[#]} 16. Nf3 $1 Bd7 17. Qd2 Rc8 18. Nd4 (18. Rac1 $16) 18... Bh6 $1 $14 {[%cal Rh6d2] White is slightly better.} 19. Qd3 Qa5 $1 {[%cal Ra5a3]} 20. Bb2 Qd2 {Precision: White = 59%, Black = 46%.} 1/2-1/2

[Event "Condigne Dutch Open 2018"]
[Site "Dieren"]
[Date "2018.07.25"]
[Round "2"]
[White "Maatman, Nick"]
[Black "Van Foreest, Lucas"]
[Result "0-1"]
[WhiteElo "2345"]
[BlackElo "2488"]
[Annotator "ChessBase"]
[PlyCount "78"]
[EventDate "2018.07.24"]
[EventType "swiss"]
[EventCountry "NED"]
[SourceTitle "playchess.com"]
[Source "ChessBase"]
[SourceQuality "1"]
[TimeControl "40/5400+30:1800+30"]

1. Nf3 {[%emt 0:00:51]} Nf6 {[%emt 0:00:54]} 2. g3 {[%emt 0:00:08]} b6 {[%emt 0:00:03]} 3. Bg2 {[%emt 0:00:48]} Bb7 {[%emt 0:00:05]} 4. O-O {[%emt 0:00:24]} g6 {[%emt 0:00:08]} 5. d3 {[%emt 0:09:15]} Bg7 {[%emt 0:00:07]} 6. e4 {[%emt 0:00:30]} d6 {[%emt 0:00:05]} 7. c4 {[%emt 0:00:43]} O-O {[%emt 0:00:54]} 8. Nc3 {[%emt 0:00:04]} c5 {[%emt 0:00:05]} 9. h3 {[%emt 0:13:16]} Nc6 {[%emt 0:00:04]} 10. Be3 {[%emt 0:00:18]} Rc8 {[%emt 0:02:46]} 11. Rc1 {[%emt 0:05:44]} Nd7 {[%emt 0:00:04]} 12. Qa4 {[%emt 0:21:37]} a6 {[%emt 0:05:00]} 13. a3 {[%emt 0:05:35]} Nd4 {[%emt 0:03:07]} 14. Kh2 {[%emt 0:11:49]} Nxf3+ {[%emt 0:08:00]} 15. Bxf3 {[%emt 0:00:07]} Ne5 {[%emt 0:00:01]} 16. Be2 {[%emt 0:00:47]} Nc6 {[%emt 0:00:02]} 17. Bf3 {[%emt 0:02:25]} Nd4 {[%emt 0:00:31]} 18. Bg2 {[%emt 0:00:08]} b5 {[%emt 0:03:28]} 19. Qd1 {[%emt 0:03:37]} Qd7 {[%emt 0:03:49]} 20. Nd5 {[%emt 0:01:40]} Rb8 {[%emt 0:01:48]} 21. b4 {[%emt 0:03:12]} e6 {[%emt 0:00:15]} 22. Nc3 {[%emt 0:02:54]} Rfc8 {[%emt 0:02:36]} 23. bxc5 {[%emt 0:01:05]} dxc5 {[%emt 0:00:27]} 24. Bf4 {[%emt 0:02:07]} b4 {[%emt 0:13:41]} 25. Bxb8 {[%emt 0:02:07]} Rxb8 {[%emt 0:00:02]} 26. Na4 {[%emt 0:02:46]} Bc6 {[%emt 0:01:33]} 27. Nxc5 {[%emt 0:00:04]} Qa7 {[%emt 0:00:05]} 28. Na4 {[%emt 0:01:20]} bxa3 {[%emt 0:03:18]} 29. c5 {[%emt 0:00:54]} Nb3 {[%emt 0:00:58]} 30. Nb6 {[%emt 0:00:37]} Nxc5 {[%emt 0:10:11]} 31. Rxc5 {[%emt 0:00:09]} Qxb6 {[%emt 0:00:02]} 32. Qc2 {[%emt 0:01:06]} Bb5 {[%emt 0:01:45]} 33. Rc8+ {[%emt 0:01:51]} Rxc8 {[%emt 0:00:03]} 34. Qxc8+ {[%emt 0:00:04]} Bf8 {[%emt 0:00:01]} 35. Qc3 {[%emt 0:00:42]} Qc5 {[%emt 0:01:26]} 36. Qd2 {[%emt 0:01:27]} Qb4 {[%emt 0:01:05]} 37. Qc2 {[%emt 0:01:41]} Qb2 {[%emt 0:00:19]} 38. Qd1 {[%emt 0:01:41]} a2 {[%emt 0:00:13]} 39. e5 {[%emt 0:01:01]} Bc5 {[%emt 0:00:12]} 0-1

[Event "Condigne Dutch Open 2018"]
[Site "Dieren"]
[Date "2018.07.25"]
[Round "2"]
[White "De Jong, Migchiel"]
[Black "Leenhouts, Koen"]
[Result "0-1"]
[WhiteElo "2339"]
[BlackElo "2483"]
[Annotator "TA"]
[PlyCount "62"]
[EventDate "2018.07.24"]
[EventType "swiss"]
[EventCountry "NED"]
[SourceTitle "playchess.com"]
[Source "ChessBase"]
[SourceQuality "1"]

{[%evp 24,62,0,0,32,27,52,0,14,4,42,25,25,-18,0,-27,-30,-256,-233,-250,-254,-233,-258,-285,-239,-425,-416,-481,-487,-1153,-999,-1204,-1193,-1184,-975,-1148,-1121,-1887,-1612,-2456,-2237]} 1. e4 c5 2. Nf3 e6 3. g3 Nc6 4. Bg2 Nf6 5. d3 Be7 6. O-O d5 7. Qe2 O-O 8. e5 Nd7 9. c4 d4 10. h4 b6 11. Bf4 Bb7 12. Nbd2 Qc7 13. Rfe1 {LiveBook: 3 Games} Rfb8 $146 {C00: French: Unusual White 2nd moves} ({Predecessor:} 13... Rfe8 14. Nf1 a6 15. N1h2 b5 16. b3 Nf8 17. h5 bxc4 18. bxc4 Nb8 19. Rab1 Bc6 20. h6 g6 21. Bg5 {1-0 (37) Kovalev,A (2533)-Duben,I (2205) Vienna 2009}) 14. Ne4 Qd8 15. h5 h6 {The position is equal.} 16. g4 Nb4 17. Qd2 b5 18. a3 Nc6 {[%cal Bb4c6,Bc6a5,Ba5b3][%mdl 32]} 19. g5 Na5 {...Nb3 is the strong threat.} 20. Nf6+ $2 {[#]} (20. gxh6 $11 {and White has nothing to worry.} Nb3 21. Qe2) 20... gxf6 $19 21. gxf6 Nb3 22. fxe7 Qxe7 23. Qe2 Nxa1 24. Bxh6 $2 (24. Rxa1 bxc4 25. dxc4) 24... Kh7 25. Bf4 Rg8 {Black is clearly winning.} ({Less strong is} 25... Nb3 26. Ng5+ Kh8 27. Bxb7 $19) 26. Rxa1 {[#]} (26. Bg3 $142 Nb3 27. Qc2) 26... Rxg2+ $1 {[%mdl 512]} 27. Kxg2 Qh4 28. Bg3 Qg4 29. Re1 Rg8 30. Qd1 bxc4 31. dxc4 Rg5 {Precision: White = 29%, Black = 75%.} 0-1

[Event "Condigne Dutch Open 2018"]
[Site "Dieren"]
[Date "2018.07.25"]
[Round "2"]
[White "De Boer, Eelke"]
[Black "De Boer, Bas"]
[Result "1-0"]
[WhiteElo "2317"]
[BlackElo "2139"]
[Annotator "NA"]
[PlyCount "37"]
[EventDate "2018.07.24"]
[EventType "swiss"]
[EventCountry "NED"]
[SourceTitle "playchess.com"]
[Source "ChessBase"]
[SourceQuality "1"]
[TimeControl "40/5400+30:1800+30"]

1. e4 {[%emt 0:00:00]} c5 {[%emt 0:00:00]} 2. Nf3 {[%emt 0:00:00]} e6 {[%emt 0:00:00]} 3. d4 {[%emt 0:00:00]} cxd4 {[%emt 0:00:00]} 4. Nxd4 {[%emt 0:00:00]} Nc6 {[%emt 0:00:00]} 5. Nc3 {[%emt 0:00:00]} Qc7 {[%emt 0:00:00]} 6. Be3 {[%emt 0:00:04]} a6 {[%emt 0:00:00]} 7. Qf3 {[%emt 0:00:07]} Ne5 {[%emt 0:00:34]} 8. Qg3 {[%emt 0:00:09]} h5 {[%emt 0:00:12]} 9. h4 {[%emt 0:00:08]} Nf6 {[%emt 0:03:09]} 10. O-O-O {[%emt 0:02:28]} b5 {[%emt 0:00:46]} 11. Bf4 {[%emt 0:01:09]} d6 {[%emt 0:01:36]} 12. Bxb5+ {[%emt 0:08:39]} axb5 {[%emt 0:03:04]} 13. Ndxb5 {[%emt 0:00:12]} Qb8 {[%emt 0:03:02]} 14. Rxd6 {[%emt 0:00:53]} Bxd6 {[%emt 0:02:39]} 15. Nxd6+ {[%emt 0:00:29]} Kf8 {[%emt 0:19:10]} 16. Bxe5 {[%emt 0:00:40]} Ng4 {[%emt 0:00:17]} 17. Nxf7 {[%emt 0:03:27]} Nxe5 {[%emt 0:01:20]} 18. Nxe5 {[%emt 0:01:01]} Rh6 {[%emt 0:00:15]} 19. Rd1 {[%emt 0:00:26]} 1-0

[Event "Condigne Dutch Open 2018"]
[Site "Dieren"]
[Date "2018.07.25"]
[Round "2"]
[White "Beukema, Jasper"]
[Black "Van Helvoort, Rob"]
[Result "0-1"]
[WhiteElo "2299"]
[BlackElo "2119"]
[Annotator "NA"]
[PlyCount "168"]
[EventDate "2018.07.24"]
[EventType "swiss"]
[EventCountry "NED"]
[SourceTitle "playchess.com"]
[Source "ChessBase"]
[SourceQuality "1"]
[TimeControl "40/5400+30:1800+30"]

1. d4 {[%emt 0:00:00]} g6 {[%emt 0:00:00]} 2. Nf3 {[%emt 0:00:00]} Bg7 {[%emt 0:00:00]} 3. e4 {[%emt 0:00:04]} d6 {[%emt 0:00:20]} 4. Bc4 {[%emt 0:00:41]} e6 {[%emt 0:00:35]} 5. Nc3 {[%emt 0:00:23]} a6 {[%emt 0:00:15]} 6. a4 {[%emt 0:00:26]} b6 {[%emt 0:00:03]} 7. O-O {[%emt 0:00:22]} h6 {[%emt 0:00:32]} 8. Be3 {[%emt 0:01:51]} Ne7 {[%emt 0:04:16]} 9. Qd2 {[%emt 0:01:33]} Nd7 {[%emt 0:01:55]} 10. Ne1 {[%emt 0:00:54]} Bb7 {[%emt 0:00:36]} 11. f3 {[%emt 0:08:16]} d5 {[%emt 0:23:28]} 12. Be2 {[%emt 0:04:30]} c5 {[%emt 0:03:58]} 13. exd5 {[%emt 0:03:22]} ({Better is} 13. a5 $11) 13... exd5 $17 {[%emt 0:00:49]} 14. Bf2 {[%emt 0:03:30]} O-O {[%emt 0:04:15]} 15. a5 {[%emt 0:01:47]} cxd4 {[%emt 0:03:10]} 16. Bxd4 {[%emt 0:00:22]} Bxd4+ {[%emt 0:00:11]} 17. Qxd4 {[%emt 0:00:27]} Nf5 {[%emt 0:11:52]} 18. Qd2 {[%emt 0:01:39]} d4 {[%emt 0:03:22]} 19. Nd1 {[%emt 0:01:40]} Re8 {[%emt 0:03:36]} 20. Rf2 {[%emt 0:15:38]} Nf6 {[%emt 0:08:57]} 21. Ra3 {[%emt 0:03:27]} bxa5 {[%emt 0:05:55]} 22. Rxa5 {[%emt 0:03:02]} Qb6 {[%emt 0:02:26]} 23. b3 {[%emt 0:13:22]} Ne3 {[%emt 0:04:45]} 24. Nb2 {[%emt 0:01:55]} Rad8 {[%emt 0:02:01]} 25. Na4 {[%emt 0:00:40]} Qc7 {[%emt 0:03:46]} 26. Nc5 {[%emt 0:02:40]} Rd6 {[%emt 0:00:11]} 27. Ned3 {[%emt 0:01:19]} Bc8 {[%emt 0:01:14]} 28. Ra2 {[%emt 0:02:17]} Rc6 {[%emt 0:00:46]} 29. Qb4 {[%emt 0:04:16]} Nf5 {[%emt 0:01:42]} 30. Bf1 {[%emt 0:16:12]} Nd5 {[%emt 0:00:41]} 31. Qc4 {[%emt 0:01:42]} Nde3 {[%emt 0:00:22]} 32. Qa4 {[%emt 0:00:39]} Rd8 {[%emt 0:01:04]} 33. Qa3 {[%emt 0:02:02]} Nd1 {[%emt 0:00:29]} 34. Rd2 {[%emt 0:00:25]} Nc3 {[%emt 0:00:17]} 35. Ra1 {[%emt 0:00:09]} Ne3 {[%emt 0:00:39]} 36. Rf2 {[%emt 0:02:19]} Ned1 {[%emt 0:01:35]} 37. Rd2 {[%emt 0:01:15]} Ne3 {[%emt 0:00:04]} 38. Re1 {[%emt 0:01:45]} Nb5 {[%emt 0:00:15]} 39. Qa1 {[%emt 0:01:04]} Nxf1 {[%emt 0:00:15]} 40. Kxf1 {[%emt 0:01:14]} Rxc5 {[%emt 0:01:18]} 41. Nxc5 {[%emt 0:01:53]} Qxc5 {[%emt 0:00:07]} 42. Qa5 {[%emt 0:01:30]} Rf8 {[%emt 0:02:34]} 43. Re4 {[%emt 0:01:25]} Qc3 {[%emt 0:08:40]} 44. Qxc3 {[%emt 0:01:30]} dxc3 {[%emt 0:00:02]} 45. Rde2 {[%emt 0:00:38]} Bb7 {[%emt 0:05:41]} 46. Re8 {[%emt 0:05:18]} Bd5 {[%emt 0:03:26]} 47. R2e7 {[%emt 0:09:47]} Be6 {[%emt 0:08:56]} 48. g4 {[%emt 0:03:32]} Nd4 {[%emt 0:04:32]} 49. Rxf8+ {[%emt 0:00:24]} Kxf8 {[%emt 0:00:06]} 50. Rc7 {[%emt 0:00:03]} Nxc2 {[%emt 0:01:41]} 51. Rxc3 {[%emt 0:01:00]} Nd4 {[%emt 0:00:07]} 52. b4 {[%emt 0:00:28]} Bd7 {[%emt 0:00:19]} 53. Kf2 {[%emt 0:02:31]} Bb5 {[%emt 0:00:27]} 54. Ke3 {[%emt 0:00:25]} Nc6 {[%emt 0:00:11]} 55. Rb3 {[%emt 0:00:04]} Ke7 {[%emt 0:00:11]} 56. Rb2 {[%emt 0:01:14]} Ke6 {[%emt 0:00:32]} 57. f4 {[%emt 0:03:09]} f5 {[%emt 0:02:56]} 58. h3 {[%emt 0:01:19]} Ne7 {[%emt 0:00:34]} 59. Rb1 {[%emt 0:00:49]} Nd5+ {[%emt 0:00:35]} 60. Kf3 {[%emt 0:00:05]} Bd3 {[%emt 0:00:57]} 61. Rb3 {[%emt 0:00:12]} Bc4 {[%emt 0:00:27]} 62. Rb1 {[%emt 0:00:17]} Nf6 {[%emt 0:00:44]} 63. Re1+ {[%emt 0:01:20]} Ne4 {[%emt 0:00:31]} 64. Ke3 {[%emt 0:00:17]} Kd5 {[%emt 0:01:45]} 65. gxf5 {[%emt 0:01:53]} gxf5 {[%emt 0:00:01]} 66. Rg1 {[%emt 0:00:08]} Bb5 {[%emt 0:00:41]} 67. Rg6 {[%emt 0:02:02]} Kc4 {[%emt 0:00:05]} 68. Rxh6 {[%emt 0:00:04]} Kxb4 {[%emt 0:00:03]} 69. Rg6 {[%emt 0:00:06]} a5 {[%emt 0:00:16]} 70. h4 {[%emt 0:00:04]} a4 {[%emt 0:03:23]} 71. h5 {[%emt 0:00:05]} a3 {[%emt 0:00:05]} 72. h6 {[%emt 0:00:32]} a2 {[%emt 0:00:23]} 73. Rg1 {[%emt 0:00:10]} Nf6 {[%emt 0:00:22]} 74. Kd4 {[%emt 0:00:21]} Kb3 {[%emt 0:00:32]} 75. Ke5 {[%emt 0:00:10]} Ng4+ {[%emt 0:00:16]} 76. Kxf5 {[%emt 0:01:13]} Nxh6+ {[%emt 0:01:37]} 77. Kg6 {[%emt 0:00:47]} Bd3+ {[%emt 0:00:14]} 78. Kxh6 {[%emt 0:01:02]} Bb1 {[%emt 0:00:08]} 79. Rg3+ {[%emt 0:00:44]} Kb4 {[%emt 0:00:09]} 80. f5 {[%emt 0:00:40]} Bxf5 {[%emt 0:00:54]} 81. Rg1 {[%emt 0:00:10]} Bb1 {[%emt 0:00:04]} 82. Rg4+ {[%emt 0:00:28]} Kb5 {[%emt 0:00:06]} 83. Rg5+ {[%emt 0:00:17]} Kb6 {[%emt 0:00:05]} 84. Rg6+ {[%emt 0:00:42]} Bxg6 {[%emt 0:00:11]} 0-1